Diseño de la red de abastecimiento de agua potable y saneamiento para la comunidad San Blas en el municipio de Tipitapa, departamento de Managua
Presenta el diseño de la red de abastecimiento de agua potable y saneamiento para la comunidad San Blas en el municipio de Tipitapa, departamento de Managua, la cual presenta la realización de un inventario topográfico del área de estudio, así como el análisis de las características físicas,...
| Main Authors: | , |
|---|---|
| Other Authors: | |
| Format: | Tesis Section = Libro |
| Language: | Undetermined Spanish |
| Published: |
Managua
UNI
2013
|
| Subjects: |
| LEADER | 01300nam a2200277Ia 4500 | ||
|---|---|---|---|
| 008 | 240830s9999 xx 000 0 und d | ||
| 040 | |a BIBLIOTECA-RUPAP Mon 628.72 M473 | ||
| 041 | |a spa | ||
| 082 | |a Mon 628.72 M473 | ||
| 100 | 1 | |a Mayorga Somoza, Renndy Alberto | |
| 100 | 1 | |b Quintero Hernández, Yader José | |
| 245 | 1 | 0 | |a Diseño de la red de abastecimiento de agua potable y saneamiento para la comunidad San Blas en el municipio de Tipitapa, departamento de Managua |
| 260 | |a Managua |b UNI |c 2013 | ||
| 300 | |a 72 p. :il. | ||
| 500 | |a Contiene: anexos. | ||
| 502 | |a Tesis (Ingeniero Civil)- UNI, 2013. | ||
| 520 | 3 | |a Presenta el diseño de la red de abastecimiento de agua potable y saneamiento para la comunidad San Blas en el municipio de Tipitapa, departamento de Managua, la cual presenta la realización de un inventario topográfico del área de estudio, así como el análisis de las características físicas, químicas y bacteriológicas con el objetivo de conocer la calidad del agua. | |
| 650 | 7 | |a ABASTECIMIENTO - SAN BLAS - TIPITAPA | |
| 650 | 7 | |b AGUA POTABLE | |
| 650 | 7 | |c SANEMIENTO | |
| 650 | 7 | |d CALIDAD DEL AGUA | |
| 650 | 7 | |e DISEÑO HIDRAULICO | |
| 700 | 1 | |a Tutor: |b Baltodano Maldonado, José Ángel | |
| 942 | |c BK |2 ddc | ||
| 991 | |a TESIS | ||
| 999 | |c 16535 | ||